[Event "WTCC-50 2018"]
[Site "Radebeul"]
[Date "2018.07.09"]
[Round "3"]
[White "Jussupow, Artur"]
[Black "Preuss, Heiko"]
[Result "1/2-1/2"]
[WhiteElo "2580"]
[BlackElo "2235"]
[Annotator "TA"]
[PlyCount "84"]
[EventDate "2018.07.07"]
[EventType "team-tourn"]
[EventCountry "GER"]
[SourceTitle "playchess.com"]
[Source "ChessBase"]
[SourceQuality "1"]

{[%evp 18,84,20,17,79,84,98,100,100,89,99,81,106,102,106,110,108,104,107,103,112,106,150,150,147,126,137,114,122,122,134,134,134,137,139,146,164,134,135,124,124,125,150,150,150,150,150,150,154,142,149,149,138,131,142,81,85,81,81,81,91,0,106,0,106,0,128,0,128]} 1. d4 Nf6 2. Nf3 d5 3. c4 e6 4. Nc3 Be7 5. Bg5 c6 6. e3 Ne4 7. Bxe7 Qxe7 8. Qc2 Nxc3 9. Qxc3 O-O 10. Bd3 {LiveBook: 16 Games} f5 {D55: Queen's Gambit Declined: 4 Bg5 Be7: Lines without ...h6 and 6...h6 7 Bxf6} (10... dxc4 $11 11. Qxc4 b6) (10... Nd7 11. O-O dxc4 12. Qxc4 e5 13. Qc2 h6 14. Rae1 exd4 15. exd4 Qd6 16. Bc4 Nf6 17. Ne5 Nd5 18. Qb3 Rd8 19. f4 b5 20. Bxd5 Qxd5 21. Qxd5 Rxd5 22. Nxc6 {1-0 (32) Sokolov,I (2610)-Yermolinsky,A (2597) Wijk aan Zee 1999 CBM 069 [Hansen,Cu]}) 11. O-O Bd7 $146 ({Predecessor:} 11... Nd7 12. b4 g5 13. Rac1 g4 14. Nd2 Rf6 15. b5 Rh6 16. Rfe1 Nf8 17. bxc6 bxc6 18. Qa5 {1-0 (27) Neyman,I (2313)-Bluma,M (2114) Schwaebisch Gmuend 2015}) 12. Qa3 Qxa3 {White is better.} 13. bxa3 Bc8 14. Rfc1 Nd7 15. Rab1 g6 16. a4 a5 17. Ng5 Nf6 18. f4 Kg7 19. h3 Ne8 20. c5 Nf6 21. Rb2 Re8 22. Rcb1 Re7 23. Nf3 Rc7 24. Kf2 Kf8 25. Rg1 Ke8 26. g4 Re7 27. Ne5 Kd8 28. Kg3 {[%cal Bf2g3,Bg3h4,Bh4g5][%mdl 32]} Kc7 29. Kh4 Nd7 30. Nxd7 Bxd7 31. Rgb1 Ra7 32. Kg5 Rf7 33. Kh6 Be8 34. Be2 Kd8 35. h4 {[%cal Bh3h4,Bh4h5][%mdl 32]} Kc7 36. g5 (36. h5 $142) 36... Re7 37. h5 Kd8 38. Rb6 Kc7 39. Bf3 ({White should play} 39. Bd3 $16) 39... Kd8 (39... Kb8 $1 $11) 40. Be2 Kc7 $1 41. Bf3 (41. Bd3 $16) 41... Kc8 (41... Kd8 $11) 42. Be2 Kc7 $1 {Precision: White = 56%, Black = 50%.} 1/2-1/2

[Event "WTCC-50 2018"]
[Site "Radebeul"]
[Date "2018.07.09"]
[Round "3"]
[White "Ehlvest, Jaan"]
[Black "Denk, Adolf"]
[Result "1-0"]
[WhiteElo "2536"]
[BlackElo "2262"]
[Annotator "TA"]
[PlyCount "79"]
[EventDate "2018.07.07"]
[EventType "team-tourn"]
[EventCountry "GER"]
[SourceTitle "playchess.com"]
[Source "ChessBase"]
[SourceQuality "1"]

{[%evp 9,79,69,66,62,77,75,133,54,54,42,47,53,57,40,44,46,48,45,47,63,58,54,86,65,71,62,68,35,49,39,37,12,22,22,34,21,20,15,22,14,55,64,62,56,83,62,72,54,102,35,100,89,88,80,172,153,210,208,205,205,372,358,345,341,423,318,589,581,1857,1863,1739,1690]} 1. e4 c5 2. Nf3 a6 3. c4 g6 4. d4 Bg7 5. dxc5 Qa5+ (5... Nf6 6. Nc3 Qa5 7. Bd3 Qxc5 8. Be3 Qa5 9. O-O d6 10. h3 Nc6 11. a3 Nd7 {½-½ (61) Abarca Gonzalez,N (2429)-Acosta,P (2426) San Luis 2016}) 6. Bd2 {B28: Sicilian: 2 Nf3 a6 (O'Kelly Variation)} Qxc5 7. Nc3 d6 {[#]} (7... Bxc3 $142 8. Bxc3 Nf6) 8. h3 $146 (8. Nd5 $1 $16 Qc6 9. Ba5) ({Predecessor:} 8. Nd5 a5 9. b4 axb4 10. Bxb4 {½-½ (50) Ramis,J (2145)-Lebel Arias,J (2050) Buenos Aires 1993}) 8... Nf6 9. Bd3 (9. Rc1 {is interesting.} Nbd7 10. Be3 Qc7 11. Be2 b6 12. O-O) 9... Nbd7 10. O-O O-O 11. b4 Qc7 12. Rc1 b6 13. Nd5 Qd8 14. Bf4 Bb7 15. Re1 h6 16. Qd2 Kh7 17. a3 Rc8 18. Qe2 Nh5 {...Bxd5 is the strong threat.} 19. Bh2 e6 20. Nf4 Nxf4 21. Bxf4 Qc7 22. c5 bxc5 23. Bxa6 Bxa6 24. Qxa6 e5 25. Be3 $36 {[%mdl 2048] Black is under pressure.} f5 26. bxc5 dxc5 27. Red1 {Black must now prevent Nh4.} f4 28. Bd2 {Threatens to win with Ba5.} Rf6 29. Qc4 (29. Qb5 $16) 29... Rd6 (29... Qc6 $1 $14) 30. Bc3 Nb6 31. Qb5 Nd7 (31... Qc6 $16 {was called for.} 32. Qxc6 Rxd1+ 33. Rxd1 Rxc6) 32. a4 $18 {[%cal Ba3a4,Ba4a5][%mdl 32]} Rb8 (32... c4 $16) 33. Qc4 Nb6 {[#]} 34. Qa2 $1 Qd7 $2 (34... Rxd1+ 35. Rxd1 c4) 35. Rxd6 Qxd6 36. a5 Ra8 37. Qb3 Nc8 $2 {[#]} (37... Nd7 38. Rd1 Qc7) 38. Bxe5 $1 {[%mdl 512] White is clearly winning.} c4 (38... Bxe5 39. Qb7+) 39. Qb7 {[%csl Ge5][%cal Rb7g7]} Ra7 40. Qxa7 {Precision: White = 68%, Black = 29%.} 1-0

[Event "WTCC-50 2018"]
[Site "Radebeul"]
[Date "2018.07.09"]
[Round "3"]
[White "Bischoff, Klaus"]
[Black "Findlay, Ian T."]
[Result "1-0"]
[WhiteElo "2510"]
[BlackElo "2244"]
[Annotator "TA"]
[PlyCount "120"]
[EventDate "2018.07.07"]
[EventType "team-tourn"]
[EventCountry "GER"]
[SourceTitle "playchess.com"]
[Source "ChessBase"]
[SourceQuality "1"]

{[%evp 18,120,0,0,35,19,24,20,22,2,58,56,53,44,45,59,81,47,103,100,95,103,112,77,72,75,80,68,56,84,144,149,151,151,142,148,147,138,144,110,117,131,159,152,176,170,167,135,141,75,87,79,76,21,21,21,21,21,31,21,21,21,21,21,21,21,21,21,21,21,21,21,21,21,28,28,41,37,165,166,165,158,487,487,487,485,413,361,642,578,5097,5097,1180,668,661,614,614,565,460,446,5089,5089,4702,4702,29991]} 1. c4 Nf6 2. Nf3 e6 3. Nc3 d5 4. d4 Bb4 5. cxd5 exd5 6. Bg5 h6 7. Bxf6 Qxf6 8. Qa4+ Nc6 9. Rc1 O-O 10. e3 {LiveBook: 67 Games} Qd6 {D38: Queen's Gambit Declined: Ragozin Defence (4 Nf3 Bb4)} (10... Be6 11. a3 Bd6 12. Nb5 a6 13. Nxd6 cxd6 14. Be2 Rfc8 15. O-O b5 16. Qb3 Qd8 17. Qa2 Na5 18. b3 Rxc1 19. Rxc1 {½-½ (51) Akobian,V (2647)-Bu,X (2730) Riadh 2017}) 11. Be2 Be6 $146 ({Predecessor:} 11... Bg4 12. O-O Bxc3 13. Rxc3 Ne7 14. Rfc1 c6 15. b4 a6 16. Qc2 Bxf3 17. Bxf3 a5 18. bxa5 Rxa5 {0-1 (49) Endzelins,L-Averbakh,Y Adelaide 1960}) 12. O-O a6 {The position is equal.} 13. Qc2 f5 (13... Qd8 $11) 14. a3 Bxc3 15. Qxc3 f4 16. Ne5 Bd7 17. Bf3 Rad8 (17... fxe3 $14 18. Qxe3 Rae8) 18. Qb3 $36 {[%mdl 2048] White is on the roll.} Nxe5 19. dxe5 Qxe5 20. exf4 ({Don't do} 20. Qxb7 c6 $14) 20... Qxf4 21. Qxd5+ Kh8 22. Qxb7 Bb5 23. Rfe1 ({Much worse is} 23. Qxc7 Bxf1 24. Qxf4 Rxf4 $11) 23... Rd2 (23... Rde8 $142) 24. Qxc7 Qd4 25. Qc5 Qxc5 26. Rxc5 Rxb2 27. h4 Rb3 28. Re3 Rxe3 29. fxe3 {[%mdl 4096] Endgame KRB-KRB} Rd8 30. Bd5 g5 31. hxg5 hxg5 32. e4 Rf8 33. Rc3 (33. Rc7 $142) 33... Rf1+ 34. Kh2 Kg7 35. Bc4 (35. Kg3 $16) 35... Rf4 36. Bxb5 axb5 $11 {KR-KR} 37. Re3 Rh4+ 38. Kg3 Kf6 39. Kf3 {Threatening g3.} Ke5 40. Rb3 Rf4+ 41. Kg3 Rxe4 42. Rxb5+ Kf6 43. Rb3 Ra4 44. Kf3 g4+ 45. Ke3 Ke5 46. Rd3 Re4+ 47. Kd2 {Re3 is the strong threat.} Rf4 (47... Ra4 $14) 48. Kc3 $1 $18 Ra4 49. Kb3 Rf4 $2 (49... Ra8 $16 50. a4 Rb8+ 51. Ka3 Ke4) 50. a4 {[%cal Ba3a4,Ba4a5][%mdl 32]} Rf2 51. g3 $1 Ke4 52. Rc3 $1 Rf3 $2 (52... Kd5 53. a5 Rf1) 53. Kc4 {White is clearly winning.} Rf1 54. a5 Ra1 55. Kb4 Kd5 56. Rc5+ Kd6 {[#] Threatens to win with ...Rb1+.} 57. Rc4 $1 Rb1+ 58. Ka4 Ra1+ {[#]} (58... Kd5 $142 59. Rxg4 Kc5) 59. Kb5 $1 Rb1+ 60. Rb4 Kd5 {Precision: White = 64%, Black = 39%.} 1-0

[Event "WTCC-50 2018"]
[Site "Radebeul"]
[Date "2018.07.09"]
[Round "3"]
[White "Schlosser, Philipp"]
[Black "Cummings, David H."]
[Result "1-0"]
[WhiteElo "2501"]
[BlackElo "2336"]
[Annotator "TA"]
[PlyCount "91"]
[EventDate "2018.07.07"]
[EventType "team-tourn"]
[EventCountry "GER"]
[SourceTitle "playchess.com"]
[Source "ChessBase"]
[SourceQuality "1"]

{[%evp 26,91,50,36,74,49,65,57,56,54,54,54,53,56,63,64,52,58,87,87,89,74,70,78,88,77,80,59,59,59,59,59,119,121,314,323,381,380,372,282,330,253,1256,1214,1177,1124,1088,986,1363,1340,1508,1382,1497,1356,1412,1371,1388,1334,1397,1310,1355,1333,854,1019,1095,929,12839,12839]} 1. d4 d5 2. c4 e6 3. Nc3 Nf6 4. Nf3 Be7 5. g3 O-O 6. Bg2 dxc4 7. Ne5 c5 8. dxc5 Qxd1+ 9. Nxd1 Bxc5 10. Nc3 Nc6 11. Nxc4 Bd7 12. O-O Rfd8 13. Bf4 {E06: Closed Catalan: Early deviations} Be8 14. Rfd1 {LiveBook: 9 Games} Rxd1+ 15. Rxd1 {White is better.} Rd8 16. Rxd8 Nxd8 17. Bc7 Nc6 {[#]} 18. Bd6 $146 ({Predecessor:} 18. Nd6 Bxd6 19. Bxd6 Bd7 20. f4 Ne8 {1-0 (40) Wang,Y (2706)-Xu,J (2504) China 2017}) 18... Bd4 $1 19. Nb5 {aiming for Bxc6.} Nd5 20. Nxd4 Nxd4 21. e4 Nb6 22. Nxb6 axb6 $16 {[%mdl 4096] Endgame KBB-KBN} 23. f4 Bc6 24. Kf2 f6 25. g4 Kf7 26. Ke3 Nb5 27. Bb8 {a4 is the strong threat.} Ke7 $1 28. Bf1 Kd7 {[#]} (28... Nd6 $14) 29. e5 $1 Kc8 $2 (29... fxe5 $16 30. Bxe5 g6) 30. a4 Nc7 31. Bxc7 $1 Kxc7 {[#]} 32. exf6 $1 gxf6 $18 {KB-KB} 33. g5 f5 $2 (33... Kd6 34. gxf6 Bxa4) 34. Kd4 {White is clearly winning.} Kd6 35. Bb5 Bf3 36. h4 Bh5 37. b4 {[%cal Bb2b4,Bb4a5][%mdl 32]} Bd1 38. a5 bxa5 39. bxa5 Bh5 40. Bf1 Bf3 41. Ke3 Bd5 42. Bd3 Bc6 43. Kd4 Bf3 44. Bf1 Kd7 45. Ke5 Ke7 46. Bc4 {Precision: White = 88%, Black = 37%.} 1-0

[Event "WTCC-50 2018"]
[Site "Radebeul"]
[Date "2018.07.09"]
[Round "3"]
[White "Speelman, Jon S"]
[Black "Taggatz, Mario"]
[Result "1-0"]
[WhiteElo "2493"]
[BlackElo "2191"]
[Annotator "TA"]
[PlyCount "59"]
[EventDate "2018.07.07"]
[EventType "team-tourn"]
[EventCountry "GER"]
[SourceTitle "playchess.com"]
[Source "ChessBase"]
[SourceQuality "1"]

{[%evp 12,59,22,10,8,-36,-39,-36,-35,-23,-25,-58,-46,-54,-47,-52,-47,-66,-58,-62,-50,-62,0,0,0,0,0,0,0,0,0,0,39,29,95,31,269,269,298,293,262,262,356,328,571,564,543,492,4802,2012]} 1. Nf3 d5 2. g3 Bf5 3. Bg2 e6 4. d3 Nf6 5. O-O Be7 6. c4 c6 7. Nc3 {LiveBook: 24 Games. A11: English Opening: 1...c6} (7. cxd5 exd5 8. Nc3 O-O 9. Qb3 Qb6 10. Qc2 Nbd7 11. e4 Bg6 12. Nh4 dxe4 13. dxe4 Rfe8 14. Be3 Qa6 15. Nxg6 hxg6 16. Rfd1 Rad8 {1-0 (68) Naroditsky,D (2619)-Brown,M (2506) chess.com INT 2018}) 7... dxc4 8. Nh4 $146 ({Predecessor:} 8. dxc4 O-O 9. Qb3 Qc8 10. Nh4 Bg6 11. Nxg6 hxg6 12. a3 Nbd7 13. Qc2 a5 14. Be3 Qc7 15. Na4 Ng4 16. Bd2 Nc5 {½-½ (16) Kochetkov,G (2374)-Ustianovich,N (2323) Chervonograd 2008}) 8... cxd3 9. Nxf5 {Black is slightly better.} exf5 10. exd3 Nbd7 {[%cal Bb8d7,Bd7b6,Bb6d5][%mdl 32]} 11. d4 Nb6 $1 12. a4 O-O 13. a5 Nbd5 14. Re1 Re8 15. Qb3 Qd7 16. Bg5 Ne4 (16... Rad8 $15) 17. Nxe4 $11 fxe4 18. Bxe7 Rxe7 19. Rxe4 Rxe4 20. Bxe4 Nf6 21. Bf3 Re8 22. a6 b6 {[#]} (22... bxa6 $11 {keeps the balance.} 23. Rxa6 Qxd4) 23. Rc1 (23. Qc4 $1 $16) 23... Ne4 $2 {[#]} (23... Rc8 $1 $14) 24. Qc2 $1 $18 f5 25. Qxc6 Qxc6 26. Rxc6 {And now Rc7 would win.} Re7 27. Bxe4 Rxe4 $2 (27... fxe4 28. Kf1 Kf7) 28. Rc7 {White is clearly winning.} Rxd4 29. Rxa7 b5 (29... Ra4 $142 30. Ra8+ Kf7) 30. Rb7 {Precision: White = 62%, Black = 33%.} (30. Rc7 $142 f4 31. a7) 1-0

[Event "WTCC-50 2018"]
[Site "Radebeul"]
[Date "2018.07.09"]
[Round "3"]
[White "Kudrin, Sergey"]
[Black "Ernst, Michael"]
[Result "1/2-1/2"]
[WhiteElo "2468"]
[BlackElo "2156"]
[Annotator "TA"]
[PlyCount "42"]
[EventDate "2018.07.07"]
[EventType "team-tourn"]
[EventCountry "GER"]
[SourceTitle "playchess.com"]
[Source "ChessBase"]
[SourceQuality "1"]

{[%evp 29,42,13,32,14,16,17,14,0,35,20,29,-50,-61,-100,-85]} 1. e4 e6 2. d4 d5 3. Nd2 Nf6 4. e5 Nfd7 5. Bd3 c5 6. c3 Nc6 7. Ne2 cxd4 8. cxd4 f6 9. exf6 Nxf6 10. O-O Bd6 11. Nf3 Qc7 12. Bd2 O-O {C06: Französische Verteidigung (Tarrasch-Variante)} 13. Rc1 Qb6 14. Bc3 Bd7 15. Ng3 Bf4 {LiveBook: 21 Partien} 16. Rb1 $146 ({Vorgänger:} 16. Rc2 Nb4 17. Bxb4 Qxb4 18. Ne5 Ba4 19. b3 {½-½ (42) Peptan,C (2422)-Harika,D (2521) Tromsoe 2014}) 16... Nb4 17. Bxb4 Qxb4 18. Re1 Kh8 19. Bc2 Rac8 20. Ne5 (20. Ne2 $11 Bb8 21. Nc3) 20... Bxe5 $15 21. Rxe5 {[#]} Rc4 $1 1/2-1/2

[Event "WTCC-50 2018"]
[Site "Radebeul"]
[Date "2018.07.09"]
[Round "3"]
[White "Plaskett, H James"]
[Black "Kempter, Ronald"]
[Result "1/2-1/2"]
[WhiteElo "2455"]
[BlackElo "2233"]
[Annotator "ChessBase"]
[PlyCount "47"]
[EventDate "2018.07.07"]
[EventType "team-tourn"]
[EventCountry "GER"]
[SourceTitle "playchess.com"]
[Source "ChessBase"]
[SourceQuality "1"]
[TimeControl "40/5400+30:1800+30"]

1. e4 {[%emt 0:03:52]} e5 {[%emt 0:00:00]} 2. Nf3 {[%emt 0:00:16]} Nc6 {[%emt 0:00:00]} 3. Bb5 {[%emt 0:00:04]} a6 {[%emt 0:00:04]} 4. Ba4 {[%emt 0:00:04]} Nf6 {[%emt 0:00:17]} 5. O-O {[%emt 0:00:07]} Be7 {[%emt 0:00:21]} 6. Qe2 {[%emt 0:00:13]} b5 {[%emt 0:00:18]} 7. Bb3 {[%emt 0:00:01]} O-O {[%emt 0:00:24]} 8. c3 {[%emt 0:00:16]} d5 {[%emt 0:00:58]} 9. d3 {[%emt 0:00:07]} Bb7 {[%emt 0:00:38]} 10. Nbd2 {[%emt 0:01:07]} Re8 {[%emt 0:04:00]} 11. a3 {[%emt 0:15:12]} h6 {[%emt 0:13:38]} 12. Rd1 {[%emt 0:10:00]} Bf8 {[%emt 0:04:36]} 13. Nf1 {[%emt 0:05:39]} Na5 {[%emt 0:03:26]} 14. Ba2 {[%emt 0:00:12]} c5 {[%emt 0:01:51]} 15. b4 {[%emt 0:05:10]} Nc6 {[%emt 0:03:39]} 16. bxc5 {[%emt 0:05:03]} dxe4 {[%emt 0:15:50]} 17. dxe4 {[%emt 0:00:06]} Qa5 {[%emt 0:01:45]} 18. Qc2 {[%emt 0:30:08]} Bxc5 {[%emt 0:05:12]} 19. Ne3 {[%emt 0:03:21]} Qb6 {[%emt 0:06:04]} 20. Re1 {[%emt 0:02:18]} Na5 {[%emt 0:09:14]} 21. Nf5 {[%emt 0:01:02]} Ng4 {[%emt 0:05:39]} 22. Ne3 {[%emt 0:02:23]} Nf6 {[%emt 0:02:22]} 23. Nf5 {[%emt 0:04:51]} Ng4 {[%emt 0:00:06]} 24. Ne3 1/2-1/2

[Event "WTCC-50 2018"]
[Site "Radebeul"]
[Date "2018.07.09"]
[Round "3"]
[White "Penzold, Andreas"]
[Black "Enders, Peter"]
[Result "1-0"]
[WhiteElo "2389"]
[BlackElo "2445"]
[Annotator "NA RC"]
[PlyCount "131"]
[EventDate "2018.07.07"]
[EventType "team-tourn"]
[EventCountry "GER"]
[SourceTitle "playchess.com"]
[Source "ChessBase"]
[SourceQuality "1"]
[TimeControl "40/5400+30:1800+30"]

1. c4 {[%emt 0:00:00]} Nf6 {[%emt 0:00:00]} 2. Nc3 {[%emt 0:00:00]} g6 {[%emt 0:00:00]} 3. g3 {[%emt 0:02:15]} Bg7 {[%emt 0:00:00]} 4. d4 {[%emt 0:00:28]} O-O {[%emt 0:00:00]} 5. Bg2 {[%emt 0:00:08]} d6 {[%emt 0:00:00]} 6. Nf3 {[%emt 0:00:11]} Nbd7 {[%emt 0:00:09]} 7. O-O {[%emt 0:00:14]} e5 {[%emt 0:00:14]} 8. e4 {[%emt 0:01:37]} c6 {[%emt 0:00:08]} 9. h3 {[%emt 0:00:28]} Re8 {[%emt 0:00:07]} 10. d5 {[%emt 0:04:47]} cxd5 {[%emt 0:00:07]} 11. cxd5 {[%emt 0:00:07]} Nc5 {[%emt 0:00:16]} 12. Ne1 {[%emt 0:00:16]} a5 {[%emt 0:00:22]} 13. Nd3 {[%emt 0:00:47]} b6 {[%emt 0:01:58]} 14. Re1 {[%emt 0:05:18]} Nfd7 {[%emt 0:02:57]} 15. Be3 {[%emt 0:06:39]} Nxd3 {[%emt 0:00:14]} 16. Qxd3 {[%emt 0:00:07]} Nc5 {[%emt 0:00:06]} 17. Bxc5 {[%emt 0:02:39]} bxc5 {[%emt 0:00:07]} 18. a4 {[%emt 0:16:15]} Rb8 {[%emt 0:00:28]} 19. Nb5 {[%emt 0:00:11]} Rb7 {[%emt 0:00:30]} 20. b3 {[%emt 0:05:15]} f5 {[%emt 0:00:13]} 21. Ra2 {[%emt 0:00:14]} Rf8 {[%emt 0:04:26]} 22. Rc1 {[%emt 0:05:55]} h5 {[%emt 0:05:23]} 23. h4 {[%emt 0:03:43]} Bh6 {[%emt 0:00:52]} 24. Rc3 {[%emt 0:00:22]} g5 {[%emt 0:04:37]} 25. Qe2 {[%emt 0:05:04]} g4 {[%emt 0:00:29]} 26. exf5 {[%emt 0:00:30]} Rxf5 {[%emt 0:04:45]} 27. Be4 {[%emt 0:01:20]} Rf6 {[%emt 0:00:05]} 28. Qe1 {[%emt 0:00:42]} Bd7 {[%emt 0:03:15]} 29. Bd3 {[%emt 0:00:29]} Be8 {[%emt 0:01:40]} 30. Rac2 {[%emt 0:04:28]} Qb8 {[%emt 0:05:33]} 31. Qe2 {[%emt 0:01:35]} Rbf7 {[%emt 0:07:37]} 32. Qe1 {[%emt 0:00:31]} Rf8 {[%emt 0:01:33]} 33. Ra2 {[%emt 0:01:09]} Kg7 {[%emt 0:01:29]} 34. Rc4 {[%emt 0:09:58]} Qb6 {[%emt 0:15:20]} 35. Rc3 {[%emt 0:00:54]} Rf3 {[%emt 0:07:53]} 36. Qe4 {[%emt 0:06:33]} Rxg3+ {[%emt 0:00:37]} 37. fxg3 {[%emt 0:02:06]} c4+ {[%emt 0:00:05]} 38. Kg2 {[%emt 0:00:32]} cxd3 {[%emt 0:00:04]} 39. Rc7+ {[%emt 0:01:03]} Rf7 {[%emt 0:01:01]} 40. Rxf7+ {[%emt 0:01:39]} Bxf7 {[%emt 0:00:06]} 41. Qxd3 {[%emt 0:31:00]} Qc5 {[%emt 0:37:21]} 42. Rc2 {[%emt 0:02:29]} Qxd5+ {[%emt 0:01:50]} 43. Qxd5 {[%emt 0:00:08]} Bxd5+ {[%emt 0:00:06]} 44. Kf2 {[%emt 0:01:55]} Bxb3 {[%emt 0:00:05]} 45. Rc7+ {[%emt 0:00:16]} Kf6 {[%emt 0:05:28]} 46. Nxd6 {[%emt 0:00:21]} Bxa4 {[%emt 0:00:05]} 47. Ra7 {[%emt 0:02:48]} Bf8 {[%emt 0:04:14]} 48. Rf7+ {[%emt 0:00:50]} Ke6 {[%emt 0:00:08]} 49. Rxf8 {[%emt 0:00:05]} Kxd6 {[%emt 0:00:06]} 50. Ra8 {[%emt 0:00:20]} Bb3 {[%emt 0:01:59]} 51. Rxa5 {[%emt 0:00:12]} Bf7 {[%emt 0:00:18]} 52. Ke3 {[%emt 0:00:58]} Be8 {[%emt 0:01:52]} 53. Ra8 {[%emt 0:05:41]} Bf7 {[%emt 0:01:03]} 54. Ra7 {[%emt 0:00:28]} Be8 {[%emt 0:00:37]} 55. Kd3 {[%emt 0:02:26]} Kd5 {[%emt 0:00:11]} 56. Ra5+ {[%emt 0:00:24]} Kd6 {[%emt 0:00:09]} 57. Kc3 {[%emt 0:00:00]} Bf7 {[%emt 0:00:00]} 58. Ra7 {[%emt 0:00:00]} Ke6 {[%emt 0:00:00]} 59. Kc4 {[%emt 0:00:00]} Bg6 {[%emt 0:00:00]} 60. Kc5 {[%emt 0:00:00]} Bd3 {[%emt 0:00:00]} 61. Rg7 {[%emt 0:00:00]} Kf5 {[%emt 0:00:00]} 62. Kd5 {[%emt 0:00:00]} Be4+ {[%emt 0:00:00]} 63. Kd6 {[%emt 0:00:00]} Bg2 {[%emt 0:00:00]} 64. Rg5+ {[%emt 0:00:00]} Ke4 {[%emt 0:00:00]} 65. Rxh5 {[%emt 0:00:00]} Kf3 {[%emt 0:00:00]} 66. Rxe5 {[%emt 0:00:00] Ke4 Kd5+} 1-0

[Event "WTCC-50 2018"]
[Site "Radebeul"]
[Date "2018.07.09"]
[Round "3"]
[White "Casper, Thomas"]
[Black "Vollak, Andreas"]
[Result "1/2-1/2"]
[WhiteElo "2354"]
[BlackElo "2027"]
[Annotator "NA"]
[PlyCount "32"]
[EventDate "2018.07.07"]
[EventType "team-tourn"]
[EventCountry "GER"]
[SourceTitle "playchess.com"]
[Source "ChessBase"]
[SourceQuality "1"]
[TimeControl "40/5400+30:1800+30"]

1. e4 {[%emt 0:00:00]} e6 {[%emt 0:00:00]} 2. d4 {[%emt 0:00:11]} d5 {[%emt 0:00:00]} 3. exd5 {[%emt 0:00:46]} exd5 {[%emt 0:00:00]} 4. Nf3 {[%emt 0:00:08]} Bd6 {[%emt 0:00:25]} 5. c4 {[%emt 0:00:24]} Nf6 {[%emt 0:00:47]} 6. Nc3 {[%emt 0:00:31]} O-O {[%emt 0:00:59]} 7. cxd5 {[%emt 0:03:49]} Bb4 {[%emt 0:02:09]} 8. Bg5 {[%emt 0:09:35]} Nbd7 {[%emt 0:04:56]} 9. Be2 {[%emt 0:03:00]} Nb6 {[%emt 0:01:18]} 10. O-O {[%emt 0:01:18]} Be7 {[%emt 0:08:08]} 11. Bxf6 {[%emt 0:11:11]} Bxf6 {[%emt 0:00:17]} 12. Qb3 {[%emt 0:00:13]} Bg4 {[%emt 0:04:38]} 13. Rad1 {[%emt 0:01:09]} Re8 {[%emt 0:02:15]} 14. h3 {[%emt 0:12:59]} Bh5 {[%emt 0:02:25]} 15. Rd2 {[%emt 0:15:52]} Qd6 {[%emt 0:05:17]} 16. g3 {[%emt 0:11:36]} a6 $16 {[%emt 0:02:09]} 1/2-1/2

[Event "WTCC-50 2018"]
[Site "Radebeul"]
[Date "2018.07.09"]
[Round "3"]
[White "Paehtz, Thomas"]
[Black "Schoene, Ralf"]
[Result "1/2-1/2"]
[WhiteElo "2347"]
[BlackElo "2256"]
[Annotator "NA"]
[PlyCount "35"]
[EventDate "2018.07.07"]
[EventType "team-tourn"]
[EventCountry "GER"]
[SourceTitle "playchess.com"]
[Source "ChessBase"]
[SourceQuality "1"]
[TimeControl "40/5400+30:1800+30"]

1. e4 {[%emt 0:00:00]} e5 {[%emt 0:00:00]} 2. Bc4 {[%emt 0:00:00]} Nc6 {[%emt 0:00:20]} 3. Nf3 {[%emt 0:00:13]} Bc5 {[%emt 0:00:14]} 4. d3 {[%emt 0:00:25]} Nf6 {[%emt 0:00:21]} 5. c3 {[%emt 0:02:15]} a6 {[%emt 0:00:19]} 6. Bb3 {[%emt 0:01:37]} Ba7 {[%emt 0:00:27]} 7. h3 {[%emt 0:04:44] C54: Italienische Partie (Hauptvariante)} (7. Nbd2 O-O 8. h3 Re8 9. O-O d6 10. Re1 Be6 11. Bc2 h6 12. Nf1 d5 13. Ng3 dxe4 14. dxe4 Qxd1 15. Rxd1 Rad8 16. Re1 Nd7 17. Nf5 Bc5 18. Be3 Bxe3 19. Nxe3 Nb6 {½-½ (32) Miton,K (2584)-Ivanchuk,V (2726) Riadh 2017}) 7... h6 {[%emt 0:00:53]} 8. Nbd2 {[%emt 0:00:43]} d6 {[%emt 0:02:02]} 9. Nf1 {[%emt 0:01:05]} d5 {[%emt 0:02:50] LiveBook: 20 Games} 10. Qe2 {[%emt 0:06:05]} dxe4 {[%emt 0:08:43]} 11. dxe4 {[%emt 0:00:03]} O-O {[%emt 0:04:41]} 12. Ng3 {[%emt 0:09:13]} Nd7 {[%emt 0:07:47]} 13. O-O {[%emt 0:15:55]} Nc5 {[%emt 0:04:17]} 14. Bc2 {[%emt 0:02:56]} ({Vorgänger:} 14. Bd5 Qe7 {½-½ (48) Xu,Y (2477)-Bensdorp,M (2303) Beijing 2008}) 14... Qf6 {[%emt 0:05:37]} 15. Nh5 {[%emt 0:08:01]} (15. Rd1 $14) 15... Qe7 {[%emt 0:02:17]} 16. Ng3 {[%emt 0:00:16]} Qf6 {[%emt 0:00:26]} 17. Nh5 $11 {[%emt 0:00:21]} Qe7 {[%emt 0:00:11]} 18. Ng3 {[%emt 0:00:26]} 1/2-1/2